00856 a2200181 4500003000500000005001700005040000900022082001500031100003200046245004600078260002700124300001000151505034200161650001600503942001200519999001900531952012400550Nust20230125133857.0 cNust a808.83,ROB aRobertson, E. Arnot9107646 aThree came unarmed /c E. Arnot Robertson aLondonbJonathanc1933 a288 p aOn Broken Ship (Page-9), Passage to England (Page-26), At West Mersea (Page-38), Dawn Had A headache (Page-64), Annie and Dawn (Page-104), Nonie Luck and Dawns (Page-174), Nonie and Hugh Eves (Page-214), Herel in Paley (Page-230), Summer is not the Worthy of Spring (Page-257), Man in the Herd (Page-268), Sailing With Colin (Page-278).  aNovel92525 2ddccBK c191013d191013 00102ddc4070aMCSbMCScGENd2016-12-12o808.83,ROBpMCS30114r2016-12-08w2016-12-12yBKzAlmirah No.57, Shelf No.2